000 01915cam a22004814i 4500
003 PE-LiUPU
005 20250731173353.0
008 150706s2009 is r 000 0 spa d
020 _a965333042X
035 _a(Sirsi) i9789653330429
040 _aPE-LiUPU
_bspa
_cPE-LiUPU
_erda
049 _aPRUA
082 0 4 _a222.12092
_bC69
_221
100 1 _aCohen Soae, Miguel A.,
_eautor.
245 1 3 _aEl legado de Moshé :
_bobra basada en el relato bíblico del segundo libro del Pentateuco, "Éxodo", o en hebreo "Shemot" /
_cMiguel A. Cohen Soae.
250 _a2a edición.
264 1 _aTel Aviv, Israel :
_bEditorial Aurora,
_c2009.
300 _a395 páginas ;
_c24 centímetros
336 _atext
_2rdacontent
337 _aunmediated
_2rdamedia
338 _avolume
_2rdacarrier
505 0 _a(Parashá) "Shemot" -- "Nombres" -- "Vaerá" - "Y Aparecí" -- "Bo" -- "Ven" -- "Beshalaj" -- "Al enviar" -- "Itró" -- "Mishapatím" - "Legislaciones" -- "Terumá" - "Ofrenda" -- "Tetzavé" - "Ordenarás" -- "Ki-Tissá" - "Cuando cuentes".
526 _aSEG42
526 _aSEG41
526 _aSEG40
526 _aSEG39
526 _aP94
526 _aP87
526 _aP86
526 _aP85
526 _aP77
526 _aP76
526 _aP35
541 _g001-0000476;
600 1 _aMoisés (Patriarca bíblico).
630 _aBiblia.
_pA.T.
_pÉxodo.
910 _bjv
_cjvm
_d20100720
942 _2ddc
_cBOOK
949 _a222.12092 C69
_wDEWEY
_c1
_i61943
_lCCODEBUL1
_mBUL
_p30.00
_r0
_sY
_tBOOK
_u2015-7-6
_xTEOLOGIA
_PP35
_0COMPRA
_o.STAFF. Colección General
994 _aC0
_bPEPRU
596 _a1
999 _a222.12092 C69
_wDEWEY
_c51058
_i61943
_d51058
_e2019-5-27
_f2021-11-9
_g5
_lCCODEBUL1
_mBUL
_n13
_p30.00
_q6
_r0
_sY
_tBOOK
_u2015-7-6
_xTEOLOGIA
_PP35
_0COMPRA
_o.STAFF. Colección Teología
980 _81
_gALBERTO SANCHEZ Responsable de Automatización